Online Catalogue and eLibrary

Lutesong and lament : (Record no. 3383)

MARC details
000 -LEADER
fixed length control field 00443nam a2200169Ia 4500
005 - DATE AND TIME OF LATEST TRANSACTION
control field 20241111042509.0
008 - FIXED-LENGTH DATA ELEMENTS--GENERAL INFORMATION
fixed length control field 240331s9999 xx 000 0 und d
020 ## - INTERNATIONAL STANDARD BOOK NUMBER
ISBN 0920661971
082 ## - DDC Classification
Item Number - Author Mark LUT
Class No. 823
245 #0 - TITLE STATEMENT
Title Lutesong and lament :
Remainder of title Tamil Writing from Sri Lanka
260 ## - PUBLICATION, DISTRIBUTION, ETC.
Place of publication, distribution, etc. Canada
Name of publisher, distributor, etc. TSAR Publications
Date of publication, distribution, etc. 2001
300 ## - PHYSICAL DESCRIPTION
Extent (e.g. Volumes, Pages etc.) Xvii, 171 p .,
650 ## - SUBJECT ADDED ENTRY--TOPICAL TERM
Topical term or geographic name entry element Poems
650 ## - SUBJECT ADDED ENTRY--TOPICAL TERM
Topical term or geographic name entry element Short Stories
700 ## - ADDED ENTRY--PERSONAL NAME
Personal name Kanaganayakam,C.
Relator term (Role) Editor
942 ## - Koha item type (Biblio)
Koha item type Books in Stacks (Lending)
Holdings
Lost status Damaged status Collection code Home library Current library Shelving location Date acquired Full call number Accession Number Item type
    Lending WERC Library WERC Library Social Science Cupboard 03/31/2024 823 LUT 4587 Books in Stacks (Lending)

© WERC Library